LEADER 01046nam0-22003251i-450- 001 990007112260403321 005 20060130120124.0 010 $a0-8018-6548-4 035 $a000711226 035 $aFED01000711226 035 $a(Aleph)000711226FED01 035 $a000711226 100 $a20020903d2001----km-y0itay50------ba 101 0 $aeng 102 $aUS 105 $acdh-ai--001cy 200 1 $aAspiring Saints$epretense of holiness, Inquisition, and gender in the Republic of Venice 1618-1750$fAnne Jacobson Schutte 210 $aBaltimora (Maryland)$aLondon$cJohn Hopkins University$d2001 215 $aXVI,337 p. ril.$cill.$d24 cm 610 0 $aTeologia mistica - Inquisizione - Processi 610 0 $aRepubblica di Venezia - Visionarie - Sec. 17.-18. 676 $a272.2094531 700 1$aJacobson Schutte,$bAnne$0154162 801 0$aIT$bUNINA$gRICA$2UNIMARC 901 $aBK 912 $a990007112260403321 952 $a272.2 JAC 1$bBibl. 41715$fFLFBC 959 $aFLFBC 996 $aAspiring Saints$9703363 997 $aUNINA LEADER 01413nas 2200421- 450 001 9910304556103321 005 20230222213018.0 011 $a1349-6964 035 $a(DE-599)ZDB2181647-5 035 $a(OCoLC)60638928 035 $a(CKB)960238471071 035 $a(CONSER)--2019204145 035 $a(EXLCZ)99960238471071 100 $a20050615a19749999 s-- a 101 0 $aeng 135 $aurun||||||||| 181 $ctxt$2rdacontent 182 $cc$2rdamedia 183 $acr$2rdacarrier 200 10$aBehaviormetrika 210 1$a[Tokyo] :$cSpringer Japan 300 $aRefereed/Peer-reviewed 300 $aPrint originially published: Tokyo, Japan : Behaviormetric Society of Japan. 311 $a0385-7417 606 $aPsychology$xResearch$xMathematical models$vPeriodicals 606 $aHuman behavior$xMathematical models$vPeriodicals 606 $aHuman behavior$xMathematical models$2fast$3(OCoLC)fst00962819 606 $aPsychology$xResearch$xMathematical models$2fast$3(OCoLC)fst01081514 608 $aPeriodicals.$2fast 615 0$aPsychology$xResearch$xMathematical models 615 0$aHuman behavior$xMathematical models 615 7$aHuman behavior$xMathematical models. 615 7$aPsychology$xResearch$xMathematical models. 676 $a150/.72 906 $aJOURNAL 912 $a9910304556103321 996 $aBehaviormetrika$92575020 997 $aUNINA LEADER 01305nam0 22002531i 450 001 UON00093339 005 20231205102521.1 100 $a20020107d1970 |0itac50 ba 101 $aita 102 $aIT 105 $a|||| ||||| 200 1 $aRacconti popolari di S. Sofia d'Epiro, S. Demetrio Corone, Macchia Albanese, S. Cosmo Alb, Vaccarizzo Alb., S. Giorgio Alb 210 $aFirenze$cOlschki$d1970 215 $a448 p.$d25 cm 410 1$1001UON00139903$12001 $aStudi Albanesi. Tradizioni popolari degli Albanesi d'Italia$fpubblicati dall'Istituto di Studi Albanesi dell'Università di Roma$gdiretta da Ernesto Koliqi. 1- $v2 620 $aIT$dFirenze$3UONL000052 686 $aGLOTTOLOGIA$2A 712 $aOlschki$3UONV246364$4650 801 $aIT$bSOL$c20240220$gRICA 912 $aUON00093339 950 $aSIBA - SISTEMA BIBLIOTECARIO DI ATENEO$dSI ALB A ANT 0015 $eSI EO 29320 5 0015 950 $aSIBA - SISTEMA BIBLIOTECARIO DI ATENEO$dSI GLOTT C 2 V 075 $eSI MC 20336 5 075 996 $aRacconti popolari di S. Sofia d'Epiro, S. Demetrio Corone, Macchia Albanese, S. Cosmo Alb., Vaccarizzo Alb., S. Giorgio Alb$970521 997 $aUNIOR